| 000 | 01449cam a2200349 a 4500 | ||
|---|---|---|---|
| 001 | 4336 | ||
| 003 | BD-DhEWU | ||
| 005 | 20140721131504.0 | ||
| 008 | 021003s2003 maua g b 001 0 eng d | ||
| 010 | _a 2002040757 | ||
| 020 | _a1840645679 (set) | ||
| 020 | _a9781840645675 | ||
| 035 | _a(OCoLC)50803320 | ||
| 040 |
_aDLC _cDLC _dDLC _dBD-DhEWU _beng |
||
| 041 | _aeng | ||
| 050 | 0 | 0 |
_aHB523 _b.E367 2003 |
| 082 | 0 | 4 |
_a339.22 _bECO 2003 |
| 245 | 0 | 4 |
_aThe economics of poverty and inequality / _cedited by Frank A. Cowell. |
| 260 |
_aNorthhampton, MA : _bEdward Elgar Pub., _c2003. |
||
| 300 |
_a2 v. : _bill. ; _c25 cm. |
||
| 440 | 4 |
_aThe international library of critical writings in economics ; _v158 _916106 |
|
| 504 | _aIncludes bibliographical references and index. | ||
| 520 | _aThis two-volume collection focuses on the economics of distributional equity and the way general criteria for comparisons of income distribution can be used to inform the analysis of inequality and poverty. | ||
| 526 | _aEconomics | ||
| 590 | _aSagar Shahanawaz | ||
| 650 | 0 |
_aIncome distribution _xMathematical models. _916291 |
|
| 650 | 0 |
_aPoverty _xMathematical models. _916292 |
|
| 650 | 0 |
_aWelfare economics _xMathematical models. _916293 |
|
| 700 | 1 |
_aCowell, Frank A. _q(Frank Alan) _916294 |
|
| 856 |
_3WorldCat details _uhttps://www.worldcat.org/title/economics-of-poverty-and-inequality/oclc/50803320&referer=brief_results |
||
| 942 |
_2ddc _cTEXT |
||
| 999 |
_c4336 _d4336 |
||